000 01443nam a22003857a 4500
003 CHAP
005 20220329143334.0
008 081115s2008 mx a r 00010 spa d
010 _a95170
011 _a96142
035 _a106788
040 _cCHAP
090 _aTesis
100 1 _aÁlvarez Pérez, Brenda Aída.
_982416
245 1 0 _aAnálisis comparativo del sistema de gobierno cubano
_c/por Brenda Aída Álvarez Pérez
260 _aChapingo, Méx. :
_bEl autor,
_c2008
300 _a101 h. :
_bilus. ; gráfs.
502 _aTesis (Ing. Agr. Esp. en Sociología Rural) -- UACH. Departamento de Sociología Rural
530 _aTambién disponible en línea
590 _aALEPH
_b10
_c20130110
_lUCH01
_h1524
590 _aBATCH-UPD
_b10
_c20130110
_lUCH01
_h0401
590 _aBATCH-UPD
_b10
_c20130410
_lUCH01
_h0034
590 _aBATCH-UPD
_b10
_c20130914
_lUCH01
_h1110
590 _aBATCH-UPD
_b10
_c20140324
_lUCH01
_h1507
590 _aBATCH-UPD
_b10
_c20141002
_lUCH01
_h0837
590 _aBATCH
_b00
_c20181121
_lUCH01
_h0758
590 _aCONVERSION
_b10
_c20130109
_lUCH01
_h1353
650 0 4 _aCuba
_xPolítica y gobierno.
_929953
856 _3Finding aid
_uhttp://10.13.5.2/tesis/106788.pdf
_zTeclea aqui
856 _a1
_n0000297
901 _aBK
942 _cFOLL
949 _aTesis
_bBC
_cTES
_d33724002075082
_eTS1
_gDonaciØn
_h48198
_i106788
_sb
949 _aTesis
_bBC
_cTES
_d33724002075124
_eTS2
_fc.2
_gDonaciØn
_h48199
_i106788
_si
999 _c95170
_d95170